Statistics for Middle East Airlines Destinations

Click here to take the quiz!

General Stats

  • This quiz has been taken 191 times
    (47 since last reset)
  • The average score is 28 of 32

Answer Stats

CountryAnswer% Correct
GreeceAthens
100%
EgyptCairo
100%
QatarDoha
100%
UAEDubai
100%
United KingdomLondon
100%
SpainMadrid
100%
FranceParis
100%
ItalyRome
100%
BelgiumBrussels
98%
DenmarkCopenhagen
98%
TurkeyIstanbul
98%
KuwaitKuwait City
98%
NigeriaLagos
98%
Saudi ArabiaRiyadh
98%
UAEAbu Dhabi
95%
IraqBaghdad
95%
ItalyMilan
95%
JordanAmman
93%
GermanyFrankfurt
93%
SwitzerlandGeneva
90%
ArmeniaYerevan
90%
GhanaAccra
85%
Saudi ArabiaJeddah
85%
FranceNice
85%
Ivory CoastAbidjan
78%
GermanyDüsseldorf
76%
CyprusLarnaca
66%
Saudi ArabiaMedina
66%
Saudi ArabiaDammam
61%
IraqBasra
56%
IraqErbil
56%
IraqNajaf
32%

Score Distribution

Percentile by Number Answered

Percent of People with Each Score

Your Score History

You have not taken this quiz since the last reset